Doctor Who Episodes - Statistics

General Stats
  • This quiz has been taken 31 times
    13 since last reset
  • The average score is 187 of 356
Answer Stats
Episode % Correct
An Unearthly Child
100%
Marco Polo
100%
The Aztecs
100%
The Daleks
100%
The Keys of Marinus
100%
Dalek
83%
Planet of the Spiders
83%
The Chase
83%
The Edge of Destruction
83%
The Rescue
83%
The Romans
83%
The Sensorites
83%
The Tenth Planet
83%
The Time Meddler
83%
The War Games
83%
The Web Planet
83%
Bad Wolf
67%
Death to the Daleks
67%
Doctor Who
67%
Doctor Who and the Silurians
67%
Fury from the Deep
67%
Galaxy 4
67%
Genesis of the Daleks
67%
Horror of Fang Rock
67%
Inferno
67%
Invasion of the Dinosaurs
67%
Logopolis
67%
Planet of Giants
67%
Revenge of the Cybermen
67%
Robot
67%
Rose
67%
Shada
67%
Spearhead from Space
67%
Survival
67%
Terror of the Autons
67%
Terror of the Zygons
67%
The Ark
67%
The Ark in Space
67%
The Caves of Androzani
67%
The Crusade
67%
The Dalek Invasion of Earth
67%
The Deadly Assassin
67%
The End of Time - Part Two
67%
The Evil of the Daleks
67%
The Giggle
67%
The Green Death
67%
The Gunfighters
67%
The Hand of Fear
67%
The Invasion
67%
The Macra Terror
67%
The Masque of Mandragora
67%
The Mind of Evil
67%
The Mind Robber
67%
The Moonbase
67%
The Parting of the Ways
67%
The Power of the Daleks
67%
The Power of the Doctor
67%
The Reality War
67%
The Reign of Terror
67%
The Savages
67%
The Seeds of Death
67%
The Seeds of Doom
67%
The Sontaran Experiment
67%
The Space Museum
67%
The Space Pirates
67%
The Stones of Blood
67%
The Talons of Weng-Chiang
67%
The Three Doctors
67%
The Time of the Doctor
67%
The Time Warrior
67%
The Tomb of the Cybermen
67%
The War Machines
67%
The Wheel in Space
67%
Twice Upon a Time
67%
42
50%
73 Yards
50%
A Christmas Carol
50%
A Good Man Goes to War
50%
Aliens of London
50%
Amy's Choice
50%
Arachnids in the UK
50%
Army of Ghosts
50%
Ascension of the Cybermen
50%
Asylum of the Daleks
50%
A Town Called Mercy
50%
Attack of the Cybermen
50%
Battlefield
50%
Before the Flood
50%
Black Orchid
50%
Blink
50%
Boom
50%
Boom Town
50%
Can You Hear Me?
50%
Carnival of Monsters
50%
Castrovalva
50%
City of Death
50%
Closing Time
50%
Cold Blood
50%
Cold War
50%
Colony in Space
50%
Daleks in Manhattan
50%
Dark Water
50%
Day of the Daleks
50%
Day of the Moon
50%
Death in Heaven
50%
Deep Breath
50%
Demons of the Punjab
50%
Destiny of the Daleks
50%
Dinosaurs on a Spaceship
50%
Doomsday
50%
Earthshock
50%
Empire of Death
50%
Empress of Mars
50%
Eve of the Daleks
50%
Evolution of the Daleks
50%
Extremis
50%
Face the Raven
50%
Father's Day
50%
Fear Her
50%
Flatline
50%
Flesh and Stone
50%
Forest of the Dead
50%
Four to Doomsday
50%
Frontier in Space
50%
Fugitive of the Judoon
50%
Ghost Light
50%
Gridlock
50%
Heaven Sent
50%
Hell Bent
50%
Hide
50%
Human Nature
50%
Image of the Fendahl
50%
In the Forest of the Night
50%
Into the Dalek
50%
It Takes You Away
50%
Journey's End
50%
Journey to the Centre of the TARDIS
50%
Joy to the World
50%
Kerblam!
50%
Kill the Moon
50%
Kinda
50%
Knock Knock
50%
Last Christmas
50%
Last of the Time Lords
50%
Legend of the Sea Devils
50%
Let's Kill Hitler
50%
Listen
50%
Love & Monsters
50%
Lucky Day
50%
Midnight
50%
Mission to the Unknown
50%
Mummy on the Orient Express
50%
New Earth
50%
Nightmare in Silver
50%
Nightmare of Eden
50%
Night Terrors
50%
Nikola Tesla's Night of Terror
50%
Once, Upon Time
50%
Orphan 55
50%
Oxygen
50%
Partners in Crime
50%
Planet of Evil
50%
Planet of the Daleks
50%
Planet of the Dead
50%
Planet of the Ood
50%
Pyramids of Mars
50%
Remembrance of the Daleks
50%
Resolution
50%
Revelation of the Daleks
50%
Revolution of the Daleks
50%
Robot of Sherwood
50%
Rogue
50%
Rosa
50%
School Reunion
50%
Silence in the Library
50%
Silver Nemesis
50%
Sleep No More
50%
Smile
50%
Smith and Jones
50%
Space Babies
50%
Spyfall, Part 1
50%
Spyfall, Part 2
50%
Survivors of the Flux
50%
Terminus
50%
The Abominable Snowmen
50%
The Age of Steel
50%
The Almost People
50%
The Ambassadors of Death
50%
The Android Invasion
50%
The Androids of Tara
50%
The Angels Take Manhattan
50%
The Armageddon Factor
50%
The Battle of Ranskoor Av Kolos
50%
The Beast Below
50%
The Bells of Saint John
50%
The Brain of Morbius
50%
The Caretaker
50%
The Celestial Toymaker
50%
The Christmas Invasion
50%
The Church on Ruby Road
50%
The Claws of Axos
50%
The Creature from the Pit
50%
The Crimson Horror
50%
The Curse of Fenric
50%
The Curse of Peladon
50%
The Curse of the Black Spot
50%
The Dæmons
50%
The Daleks' Master Plan
50%
The Day of the Doctor
50%
The Doctor Dances
50%
The Doctor Falls
50%
The Doctor's Daughter
50%
The Doctor's Wife
50%
The Doctor, the Widow and the Wardrobe
50%
The Dominators
50%
The Eaters of Light
50%
The Eleventh Hour
50%
The Empty Child
50%
The End of the World
50%
The End of Time - Part One
50%
The Enemy of the World
50%
The Faceless Ones
50%
The Face of Evil
50%
The Family of Blood
50%
The Fires of Pompeii
50%
The Five Doctors
50%
The Ghost Monument
50%
The Girl in the Fireplace
50%
The Girl Who Died
50%
The Girl Who Waited
50%
The God Complex
50%
The Greatest Show in the Galaxy
50%
The Haunting of Villa Diodati
50%
The Highlanders
50%
The Hungry Earth
50%
The Husbands of River Song
50%
The Ice Warriors
50%
The Idiot's Lantern
50%
The Impossible Astronaut
50%
The Impossible Planet
50%
The Invasion of Time
50%
The Keeper of Traken
50%
The Krotons
50%
The Legend of Ruby Sunday
50%
The Lodger
50%
The Long Game
50%
The Magician's Apprentice
50%
The Mark of the Rani
50%
The Massacre of St Bartholomew's Eve
50%
The Monster of Peladon
50%
The Mutants
50%
The Myth Makers
50%
The Name of the Doctor
50%
The Next Doctor
50%
The Pandorica Opens
50%
The Pilot
50%
The Pirate Planet
50%
The Poison Sky
50%
The Power of Three
50%
The Pyramid at the End of the World
50%
The Rebel Flesh
50%
The Return of Doctor Mysterio
50%
The Ribos Operation
50%
The Rings of Akhaten
50%
The Robots of Death
50%
The Satan Pit
50%
The Sea Devils
50%
The Shakespeare Code
50%
The Smugglers
50%
The Snowmen
50%
The Sontaran Stratagem
50%
The Sound of Drums
50%
The Star Beast
50%
The Stolen Earth
50%
The Story & the Engine
50%
The Sun Makers
50%
The Timeless Children
50%
The Time Monster
50%
The Time of Angels
50%
The Twin Dilemma
50%
The Two Doctors
50%
The Ultimate Foe
50%
The Underwater Menace
50%
The Unicorn and the Wasp
50%
The Unquiet Dead
50%
The Vampires of Venice
50%
The Vanquishers
50%
The Waters of Mars
50%
The Web of Fear
50%
The Wedding of River Song
50%
The Well
50%
The Witchfinders
50%
The Witch's Familiar
50%
The Woman Who Fell to Earth
50%
The Woman Who Lived
50%
The Zygon Invasion
50%
The Zygon Inversion
50%
Thin Ice
50%
Time and the Rani
50%
Time-Flight
50%
Time Heist
50%
Timelash
50%
Tooth and Claw
50%
Turn Left
50%
Under the Lake
50%
Underworld
50%
Utopia
50%
Vengeance on Varos
50%
Victory of the Daleks
50%
Village of the Angels
50%
Vincent and the Doctor
50%
Voyage of the Damned
50%
War of the Sontarans
50%
Wild Blue Yonder
50%
Wish World
50%
World War Three
50%
Arc of Infinity
33%
Delta and the Bannermen
33%
Dot and Bubble
33%
Dragonfire
33%
Enlightenment
33%
Frontios
33%
Lux
33%
Mawdryn Undead
33%
Meglos
33%
Mindwarp
33%
Paradise Towers
33%
Planet of Fire
33%
Praxeus
33%
Resurrection of the Daleks
33%
Rise of the Cybermen
33%
Snakedance
33%
State of Decay
33%
Terror of the Vervoids
33%
The Awakening
33%
The Big Bang
33%
The Devil's Chord
33%
The Halloween Apocalypse
33%
The Happiness Patrol
33%
The Horns of Nimon
33%
The Interstellar Song Contest
33%
The King's Demons
33%
The Lazarus Experiment
33%
The Leisure Hive
33%
The Lie of the Land
33%
The Mysterious Planet
33%
The Power of Kroll
33%
The Robot Revolution
33%
The Runaway Bride
33%
The Tsuranga Conundrum
33%
The Visitation
33%
Warriors' Gate
33%
Warriors of the Deep
33%
World Enough and Time
33%
Full Circle
17%
The Invisible Enemy
17%
No matching quizzes found
Score Distribution
Percent of People with Each Score
Percentile by Number Answered
Your Score History
You have not taken this quiz since the last reset